Catálogo

Koha 3 library management system : (Registro nro. 53514)

Detalles MARC
000 -LEADER
fixed length control field 01180cam a2200313 i 4500
001 - CONTROL NUMBER
control field 53514
003 - CONTROL NUMBER IDENTIFIER
control field Mx-PuUPA
005 - DATE AND TIME OF LATEST TRANSACTION
control field 20220325153343.0
008 - FIXED-LENGTH DATA ELEMENTS--GENERAL INFORMATION
fixed length control field 140415s2010 enka r 000 0 eng d
020 ## - INTERNATIONAL STANDARD BOOK NUMBER
International Standard Book Number 9781849510820
040 ## - CATALOGING SOURCE
Original cataloging agency MX-PuUPA
Language of cataloging spa
Description conventions rda
Transcribing agency Mx-PuUPA
Modifying agency Mx-PuUPA
041 0# - LANGUAGE CODE
Language code of text/sound track or separate title eng
100 1# - MAIN ENTRY--PERSONAL NAME
Personal name Sirohi, Savitra,
Relator term autor
9 (RLIN) 6839
245 10 - TITLE STATEMENT
Title Koha 3 library management system :
Remainder of title install, configure, and maintain your koha installation with this easy-to-follow guide /
Statement of responsibility, etc. Savitra Sirohi, Amit Gupta
250 ## - EDITION STATEMENT
Edition statement First published
264 #1 - PRODUCTION, PUBLICATION, DISTRIBUTION, MANUFACTURE, AND COPYRIGHT NOTICE
Place of production, publication, distribution, manufacture Birmingham, UK :
Name of producer, publisher, distributor, manufacturer Packt Publishing,
Date of production, publication, distribution, manufacture, or copyright notice 2010
300 ## - PHYSICAL DESCRIPTION
Extent ix, 269 páginas :
Other physical details ilustraciones ;
Dimensions 24 cm.
336 ## - CONTENT TYPE
Content type term texto
Fuente rdacontent
Content type code txt
337 ## - MEDIA TYPE
Media type term sin medio
Source rdamedia
Media type code n
338 ## - CARRIER TYPE
Carrier type term volumen
Source rdacarrier
Carrier type code nc
490 0# - SERIES STATEMENT
Series statement Comnunity Experience Distilled
650 #7 - SUBJECT ADDED ENTRY--TOPICAL TERM
Topical term or geographic name entry element Sistemas de almacenamiento y recuperación de información
Source of heading or term armarc
650 #7 - SUBJECT ADDED ENTRY--TOPICAL TERM
Topical term or geographic name entry element Bibliotecas
General subdivision Automaticación
Source of heading or term armarc
650 #7 - SUBJECT ADDED ENTRY--TOPICAL TERM
Topical term or geographic name entry element Koha (Sistema de biblioteca integrado)
Source of heading or term armarc
942 ## - ADDED ENTRY ELEMENTS (KOHA)
Source of classification or shelving scheme Dewey Decimal Classification
Koha item type Libro
Classification part 025.00285
Item part S615
Existencias
Withdrawn status Lost status Source of classification or shelving scheme Damaged status Not for loan Collection code Home library Current library Shelving location Date acquired Source of acquisition Total Checkouts Full call number Barcode Date last seen Price effective from Koha item type
    Dewey Decimal Classification     General Biblioteca Karol Wojtyla Biblioteca Karol Wojtyla Sala general 16/03/2018 Compra   025.00285 S615 2010 98970 05/01/2026 16/03/2018 Libro